000 00389nam a2200145Ia 4500
008 230917s9999||||xx |||||||||||||| ||und||
040 _e220295
_aMAIN
041 _aEnglish
082 _a813.09 N232P:R
100 _aParul
245 0 _aRe-examaining the canon: A study of nature, race, class and gender in gloria naylor`s fiction
260 _c2013
300 _a246 p.
942 _cTH
999 _c126279
_d126279